000 00799nam a22002417a 4500
008 131116b xxu||||| |||| 00| 0 eng d
020 _a81-86880-71-2
024 _cAvailable
037 _cAvailable
040 _aMBSTU LIBRARY
_dMBSTU LIBRARY
082 _222
_a363.7 PAC
100 _aPathan, A.M.
245 _aContributions to environmental geoscience: communication volume in honour of prof. K.B.power.
260 _aNew Delhi
_bAravali Books International(P) Ltd.
_c2000
300 _a23 cm.
_b262 page
_f1
_g23 cm.
600 _2Environmental problems.
650 _2Environmental problems.
700 _aPathan, A.M.
270 _aNew Delhi
_bNew Delhi
_dIndia
365 _b525.00
_d525.00
942 _2ddc
_cBK
999 _c844
_d844